| 000 | 00852nam a2200181Ia 4500 | ||
|---|---|---|---|
| 008 | 090124s9999 xx 000 0 und d | ||
| 082 | _b120231 | ||
| 100 | _aमेंगजी अशोक / काकडे द.स. | ||
| 245 | _a कामिनी ( एका सुंदर तरुणीचं खळबळजनक आत्मवृत्त ) | ||
| 250 | _a1 | ||
| 260 | _c1984 | ||
| 300 | _a324 | ||
| 600 | _aमेंगजी अशोक / काकडे द.स. | ||
| 630 | _a कामिनी ( एका सुंदर तरुणीचं खळबळजनक आत्मवृत्त ) | ||
| 700 | _aमेंगजी अशोक / काकडे द.स. | ||
| 730 | _a कामिनी ( एका सुंदर तरुणीचं खळबळजनक आत्मवृत्त ) | ||
| 942 | _cBOOK | ||
| 999 |
_c166317 _d166317 |
||